[Event "FICGS class D 000177 email"]
[Site "FICGS email"]
[Date "2011.11.13"]
[Round "1"]
[White "Huggins, Jimmy"]
[Black "Piantadosi, Angelo"]
[Result "1-0"]
[WhiteElo "1577"]
[BlackElo "1420"]
[PlyCount "31"]
[EventDate "2011.??.??"]
[EventType "tourn (corr)"]
[EventRounds "1"]
[SourceTitle "Corr 2013"]
[Source "ChessBase"]
[SourceDate "2012.11.12"]
[SourceVersion "1"]
[SourceVersionDate "2012.11.12"]
[SourceQuality "1"]

1. d4 d5 2. c4 e6 3. Nc3 Nf6 4. Nf3 Nbd7 5. a3 Be7 6. cxd5 Nxd5 7. e4 Nxc3 8. bxc3 0-0 9. Bd3 Nf6 10. h4 b6 11. e5 Nd7 12. Bxh7+ Kxh7 13. Ng5+ Kg6 14. Qd3+ f5 15. exf6+ Kxf6 16. Qf3+ 1-0

[Event "FICGS class D 000177 email"]
[Site "FICGS email"]
[Date "2011.11.13"]
[Round "1"]
[White "Krakovsky, Peter"]
[Black "Huggins, Jimmy"]
[Result "1-0"]
[WhiteElo "1326"]
[BlackElo "1577"]
[PlyCount "59"]
[EventDate "2011.??.??"]
[EventType "tourn (corr)"]
[EventRounds "1"]
[SourceTitle "Corr 2022"]
[Source "ChessBase"]
[SourceDate "2021.10.24"]
[SourceVersion "1"]
[SourceVersionDate "2021.10.24"]
[SourceQuality "1"]

1. e4 c5 2. Nf3 Nc6 3. d4 cxd4 4. Nxd4 Nf6 5. Nc3 d6 6. Bg5 e6 7. Qd2 a6 8. 0-0-0 Be7 9. f4 Bd7 10. Nf3 b5 11. e5 b4 12. exf6 bxc3 13. Qxc3 gxf6 14. Bh4 0-0 15. Kb1 Rb8 16. Nd2 d5 17. Bxa6 Nb4 18. Bc4 Qb6 19. Bb3 Rfc8 20. Qg3+ Kh8 21. Ne4 Ba4 22. Bxa4 dxe4 23. Bb3 e3 24. Rhe1 Nxc2 25. Re2 Nd4 26. Qxe3 Nxe2 27. Qxe2 Rd8 28. Rf1 Rdc8 29. Rd1 Rd8 30. Rf1 1-0

[Event "FICGS rapid C 000102 email"]
[Site "FICGS email"]
[Date "2011.11.11"]
[Round "1"]
[White "Huggins, Jimmy"]
[Black "Bhandarkar, Dinesh"]
[Result "0-1"]
[WhiteElo "1577"]
[BlackElo "1682"]
[PlyCount "56"]
[EventDate "2011.??.??"]
[EventType "tourn (rapid)"]
[EventRounds "1"]
[SourceTitle "Corr 2022"]
[Source "ChessBase"]
[SourceDate "2021.10.24"]
[SourceVersion "1"]
[SourceVersionDate "2021.10.24"]
[SourceQuality "1"]

1. e4 e5 2. Nf3 Nc6 3. Bb5 a6 4. Ba4 Nge7 5. c3 Ng6 6. d4 b5 7. Bc2 Be7 8. d5 Nb8 9. a4 Bb7 10. 0-0 d6 11. axb5 axb5 12. Rxa8 Bxa8 13. Na3 c6 14. dxc6 Bxc6 15. Qe2 Qb6 16. Bd3 b4 17. Nc4 Qa7 18. cxb4 0-0 19. Na5 Qb6 20. Nxc6 Nxc6 21. b5 Nd4 22. Nxd4 exd4 23. f4 Bf6 24. Qc2 Ne7 25. Bd2 Rc8 26. Qb3 g6 27. e5 Bg7 28. e6 f5 0-1

[Event "FICGS class C 000183 email"]
[Site "FICGS email"]
[Date "2011.11.07"]
[Round "1"]
[White "Downs, Ray"]
[Black "Huggins, Jimmy"]
[Result "0-1"]
[WhiteElo "1615"]
[BlackElo "1577"]
[PlyCount "22"]
[EventDate "2011.??.??"]
[EventType "tourn (corr)"]
[SourceTitle "Corr 2022"]
[Source "ChessBase"]
[SourceDate "2021.10.24"]
[SourceVersion "1"]
[SourceVersionDate "2021.10.24"]
[SourceQuality "1"]

1. e4 e5 2. Nf3 Nc6 3. Bb5 a6 4. Bxc6 dxc6 5. 0-0 Qd6 6. Na3 Be6 7. Qe2 f6 8. Rd1 Bg4 9. c3 Qe6 10. Nc2 0-0-0 11. h3 Bh5 0-1

[Event "FICGS class D 000169 email"]
[Site "FICGS email"]
[Date "2011.05.06"]
[Round "1"]
[White "Huggins, Jimmy"]
[Black "Gerfault, Pascal"]
[Result "0-1"]
[WhiteElo "1501"]
[BlackElo "1563"]
[PlyCount "40"]
[EventDate "2011.??.??"]
[EventType "tourn (corr)"]
[EventRounds "6"]
[SourceTitle "Corr 2013"]
[Source "ChessBase"]
[SourceDate "2012.11.12"]
[SourceVersion "1"]
[SourceVersionDate "2012.11.12"]
[SourceQuality "1"]

1. d4 Nf6 2. c4 g6 3. Nc3 d5 4. cxd5 Nxd5 5. e4 Nxc3 6. bxc3 Bg7 7. Nf3 Bg4 8. Be2 c5 9. Rb1 0-0 10. 0-0 cxd4 11. cxd4 Bxf3 12. Bxf3 Bxd4 13. Rxb7 Nc6 14. Qa4 Qd6 15. Rb5 Qf6 16. Bg5 Qe6 17. Rd1 Rfd8 18. Rd5 Bb6 19. e5 Rac8 20. Rxd8+ Rxd8 0-1

[Event "FICGS class D 000169 email"]
[Site "FICGS email"]
[Date "2011.05.06"]
[Round "1"]
[White "Vollmer, Steve"]
[Black "Huggins, Jimmy"]
[Result "1-0"]
[WhiteElo "1583"]
[BlackElo "1501"]
[PlyCount "35"]
[EventDate "2011.??.??"]
[EventType "tourn (corr)"]
[EventRounds "6"]
[SourceTitle "Corr 2013"]
[Source "ChessBase"]
[SourceDate "2012.11.12"]
[SourceVersion "1"]
[SourceVersionDate "2012.11.12"]
[SourceQuality "1"]

1. Nf3 d5 2. d4 Nf6 3. c4 c6 4. Nc3 e6 5. Bg5 h6 6. Bh4 dxc4 7. a4 Bb4 8. Qc2 a6 9. e4 g5 10. e5 gxh4 11. exf6 Qxf6 12. h3 Rg8 13. 0-0-0 b5 14. b3 cxb3 15. Qxb3 Be7 16. Re1 Nd7 17. Ne4 Qf4+ 18. Kb2 1-0

[Event "FICGS W-ch st1 g13 email"]
[Site "FICGS email"]
[Date "2011.04.01"]
[Round "1"]
[White "Huggins, Jimmy"]
[Black "Mac"]
[Result "1-0"]
[WhiteElo "1501"]
[BlackElo "1006"]
[PlyCount "25"]
[EventDate "2011.??.??"]
[EventType "tourn (corr)"]
[EventRounds "8"]
[SourceTitle "Corr 2013"]
[Source "ChessBase"]
[SourceDate "2012.11.12"]
[SourceVersion "1"]
[SourceVersionDate "2012.11.12"]
[SourceQuality "1"]

1. e4 g6 2. d4 Bg7 3. Nc3 d6 4. f3 c6 5. Be3 Nf6 6. Qd2 b5 7. g4 h5 8. g5 Nfd7 9. f4 Nb6 10. Nf3 0-0 11. a3 Nc4 12. Bxc4 bxc4 13. Nh4 1-0

[Event "FICGS rapid B 000162 email"]
[Site "FICGS email"]
[Date "2010.10.08"]
[Round "1"]
[White "Huggins, Jimmy"]
[Black "Ropokis, Dimitrios"]
[Result "0-1"]
[WhiteElo "1800"]
[BlackElo "1738"]
[PlyCount "22"]
[EventDate "2010.??.??"]
[EventType "tourn (rapid)"]
[EventRounds "6"]
[SourceTitle "Corr 2013"]
[Source "ChessBase"]
[SourceDate "2012.11.12"]
[SourceVersion "1"]
[SourceVersionDate "2012.11.12"]
[SourceQuality "1"]

1. e4 c6 2. d4 d5 3. Nc3 dxe4 4. Nxe4 Bf5 5. Ng3 g6 6. Nxf5 Qa5+ 7. Bd2 Qxf5 8. Bd3 Qe6+ 9. Ne2 Bg7 10. 0-0 Nf6 11. Re1 0-0 0-1

[Event "FICGS rapid B 000162 email"]
[Site "FICGS email"]
[Date "2010.10.08"]
[Round "1"]
[White "Huggins, Jimmy"]
[Black "Sternik, Ryszard"]
[Result "0-1"]
[WhiteElo "1800"]
[BlackElo "1798"]
[PlyCount "22"]
[EventDate "2010.??.??"]
[EventType "tourn (rapid)"]
[EventRounds "6"]
[SourceTitle "Corr 2022"]
[Source "ChessBase"]
[SourceDate "2021.10.24"]
[SourceVersion "1"]
[SourceVersionDate "2021.10.24"]
[SourceQuality "1"]

1. e4 e5 2. Nf3 Nc6 3. Bb5 a6 4. Ba4 Nf6 5. 0-0 Be7 6. Re1 b5 7. Bb3 d6 8. c3 0-0 9. h3 Na5 10. Bc2 c5 11. d4 Nd7 0-1